Open Data Biblioteca Nacional de Portugal


República Portuguesa: Ministério da Cultura
Biblioteca Nacional de Portugal

Catálogo da BNP: acesso por Identificadores Unívocos
Registos Bibliográficos associados ao registo de autoridade

Etiqueta de registo: 00254nam 2200025 450
001 2286611
003 http://id.bnportugal.gov.pt/bib/catbnp/2286611
100 ## $a20260521d2025 k y0pory01030103ba
101 0# $apor$deng
102 ## $aPT
105 ## $aa m 001yy
106 ## $ar
200 1# $a " Pela graça de Deus Rainha de Portugal"$efunções práticas da reginalidade no Portugal medieval$fInês Sofia Lourenço Olaia$gorient. Ana Maria Seabra de Almeida Rodrigues
210 #9 $aLisboa$c[s.n.],$d2025
215 ## $a2 v.$cil.$d30 cm
328 #1 $aTese dout. História (História Medieval), Faculdade de Letras da Universidade de Lisboa, 2025
675 ## $a94(469)"12/15"(043)$vBN$zpor$31995318
675 ## $a321.1-055.2(469)"12/15"(043)$vBN$zpor$31999427
700 #1 $aOlaia,$bInês Sofia Lourenço$31998915
702 #1 $aRodrigues,$bAna Maria S. A.,$f1957-$4727$345209
801 #0 $aPT$bBN$gRPC
966 ## $b001$d[1º v.]$lBN$mFGMON$sH.G. 89193 V.$x1
966 ## $b001$d[2º v.]$lBN$mFGMON$sH.G. 89194 V.$x1
971 ## $cisantos$d20260521
972 ## $e0$z0$d20260619$vasantos
973 ## $ctrodrigues$d20260527

OpendataBNP@bnportugal.pt | Mais informação sobre acesso aos dados BNP